000 00679nam a2200193Ia 4500
001 4221
003 GE_BSU
008 181216s||||||||xx |||||||||||||| ||und||
040 _cGE_BSU
080 _a541.6(03)
245 _aСправочник химика. Том первый: общие сведения строение вещества свойство важнейших веществ лабораторная техника.
245 _cРед. С. А. Зонис и Г. А. Симонов.
260 _aЛ.
260 _bГосхимиздат.
260 _c1963.
300 _a1070 стр. 22 см.
653 _aСправочник химика.
942 _cBK
999 _c38231
_d38231